Myths and legends of North America : (Record no. 94065)

MARC details
000 -LEADER
fixed length control field 00927nam a22002537a 4500
003 - CONTROL NUMBER IDENTIFIER
control field OSt
005 - DATE AND TIME OF LATEST TRANSACTION
control field 20260406161305.0
008 - FIXED-LENGTH DATA ELEMENTS--GENERAL INFORMATION
fixed length control field 260406b |||||||| |||| 00| 0 eng d
020 ## - INTERNATIONAL STANDARD BOOK NUMBER
International Standard Book Number 9780716626268
040 ## - CATALOGING SOURCE
Transcribing agency HS LRC
050 ## - LIBRARY OF CONGRESS CALL NUMBER
Classification number E 98
Item number .Ob999 2016
100 ## - MAIN ENTRY--PERSONAL NAME
Personal name O'Brien, Cynthia
9 (RLIN) 131590
245 ## - TITLE STATEMENT
Title Myths and legends of North America :
Remainder of title Canada and Northern United States /
Statement of responsibility, etc. Cynthia O'Brien
260 ## - PUBLICATION, DISTRIBUTION, ETC. (IMPRINT)
Place of publication, distribution, etc. Chicago, Illinois :
Name of publisher, distributor, etc. World Book,
Date of publication, distribution, etc. c2016.
265 ## - SOURCE FOR ACQUISITION/SUBSCRIPTION ADDRESS [OBSOLETE]
Source for acquisition/subscription address Phoenix Educational Systems, Inc.
300 ## - PHYSICAL DESCRIPTION
Extent 64 pages :
Other physical details color illustrations ;
Dimensions 26 cm.
365 ## - TRADE PRICE
Price amount 1,667.00
440 ## - SERIES STATEMENT/ADDED ENTRY--TITLE
Title Famous Myths and Legends of the World
9 (RLIN) 24871
504 ## - BIBLIOGRAPHY, ETC. NOTE
Bibliography, etc Includes glossary, references and index.
650 ## - SUBJECT ADDED ENTRY--TOPICAL TERM
Topical term or geographic name as entry element Indian mythology
General subdivision North America
Chronological subdivision Juvenile literature
9 (RLIN) 131591
650 ## - SUBJECT ADDED ENTRY--TOPICAL TERM
Topical term or geographic name as entry element Indians of North America
General subdivision Religion
Chronological subdivision Juvenile literature
9 (RLIN) 131592
650 ## - SUBJECT ADDED ENTRY--TOPICAL TERM
Topical term or geographic name as entry element Indians of North America
General subdivision Folklore
Chronological subdivision Juvenile literature
9 (RLIN) 131593
942 ## - ADDED ENTRY ELEMENTS (KOHA)
Source of classification or shelving scheme Library of Congress Classification
Koha item type Books
Holdings
Withdrawn status Lost status Source of classification or shelving scheme Damaged status Not for loan Collection code Home library Current library Shelving location Date acquired Source of acquisition Cost, normal purchase price Inventory number Total Checkouts Full call number Barcode Date last seen Copy number Cost, replacement price Price effective from Koha item type
    Library of Congress Classification     Circulation DLSU-D HS Learning Resource Center DLSU-D HS Learning Resource Center Circulation 06/24/2025 HS LRC SY 2024-2025 1667.00 CIR-002492   E 98 .Ob999 2016 3HS00000002492 04/06/2026 002492 1667.00 04/06/2026 Books